|
|
|
|
| LEADER |
00000nab a2200000 4500 |
| 001 |
vtls011990509 |
| 003 |
SK-MaSNL |
| 005 |
20260318121947.0 |
| 008 |
200903|20200827xo |||| || ||00 0|hun |
| 015 |
|
|
|a SNBRB2020/08
|
| 038 |
|
|
|a DSZK
|
| 040 |
|
|
|a DSZK
|b slo
|c DSZK
|e rda
|
| 041 |
|
|
|a hun
|
| 043 |
|
|
|a e-xo---
|
| 044 |
|
|
|a xo
|c SK
|
| 072 |
|
7 |
|a 796
|x Šport. Hry. Telesné cvičenia
|2 konspekt
|
| 080 |
|
|
|a 796.853.26
|x (437.612)
|2 2011
|
| 080 |
|
|
|a 796.61
|x (437.6)
|2 2011
|
| 100 |
1 |
|
|a (jmk)
|4 aut
|9 866754
|
| 245 |
1 |
0 |
|a Harcos útja - harmadszor
|c [szerző] (jmk)
|
| 300 |
|
|
|b Fotografie
|
| 336 |
|
|
|a text
|b txt
|2 rdacontent
|
| 337 |
|
|
|a bez média
|b n
|2 rdamedia
|
| 338 |
|
|
|a zväzok
|b nc
|2 rdacarrier
|
| 600 |
1 |
7 |
|a Kovács, Kata Zsófia,
|d 1999-2016
|2 dszk
|9 1108700
|
| 611 |
2 |
7 |
|a A harcos útja
|n (3. :
|d 2020 :
|c Okoč, Slovensko;
|c Martovce, Slovensko)
|2 dszk
|9 1588643
|
| 650 |
0 |
7 |
|a karatisti
|2 SNKPH
|9 31561
|
| 650 |
0 |
7 |
|a spomienkové podujatia
|2 dszk
|9 120764
|
| 650 |
0 |
7 |
|a cykloturistika
|2 dszk
|9 3264
|
| 651 |
|
7 |
|a Okoč (Slovensko)
|2 SNKPHgeo
|9 103373
|
| 651 |
|
7 |
|a Martovce (Slovensko)
|2 SNKPHgeo
|9 67777
|
| 773 |
0 |
|
|t Új szó
|g Évf. 73, sz. 200 (2020.8.27), o. 12
|x 1335-7050
|
| 958 |
|
|
|a SK
|
| 958 |
|
|
|a HU
|
| 958 |
|
|
|a RG
|
| 999 |
|
|
|c 3255745
|d 3257675
|